Ako stvoriť Android / 6. časť: Biznis

Podrobná bibliografia
Hlavný autor: Lacko, Ľuboslav, 1965- (Autor)
Médium: Článok
Jazyk:slovenčina

MARC

LEADER 00000nab a2200000ua 4500
001 vtls010743430
003 SK-MaSNL
005 20260304195923.0
008 250718s2011 xo |||||||||||||||||slo|
035 |a (urnnbn)urn:nbn:sk:snk:ar-a01tzy 
035 |a (uuid)bbdead15-9ed1-4f98-b595-e2fd4faab179 
035 |a urn:nbn:sk:snk-ab4gjr 
040 |a SNKBUCL  |b slo  |c SNKBUCL  |e AACR2 
041 0 |a slo 
044 |a xo  |c SK 
100 1 |a Lacko, Ľuboslav,  |d 1965-  |4 aut  |9 207258 
245 1 0 |a Ako stvoriť Android / 6. časť: Biznis  |c Ľuboslav Lacko 
773 0 |t InfoWare : magazín IT profesionálov  |g Roč. 7, č. 10 (2011), s. 56 
850 |a Slovenská národná knižnica 
852 |a Slovenská národná knižnica 
954 |a odborná, vedecká literatúra pôvodná (slovenská)  |2 lita 
958 |a article3 
958 |a OND 
958 |a EUIPO 
999 |c 3083805  |d 3085735